|
|
|
|
| LEADER |
00000nam0a2200000 4500 |
| 001 |
19283 |
| 005 |
20231101205248.0 |
| 010 |
|
|
|a 5010020556
|
| 035 |
|
|
|a (RuTPU)RU\TPU\book\19444
|
| 035 |
|
|
|a BOOK00000099
|
| 090 |
|
|
|a 19283
|
| 100 |
|
|
|a 20011209d1990 km y0rusy50 ca
|
| 101 |
1 |
|
|a rus
|c ita
|
| 102 |
|
|
|a RU
|
| 105 |
|
|
|a y z 000zy
|
| 200 |
1 |
|
|a Масонство в прошлом и настоящем
|e пер. с итал.
|f М. Морамарко
|
| 210 |
|
|
|a Москва
|c Прогресс
|d 1990
|
| 215 |
|
|
|a 291 с.
|
| 606 |
1 |
|
|a Масонство
|2 stltpush
|3 (RuTPU)RU\TPU\subj\64432
|9 81330
|
| 610 |
1 |
|
|a история
|
| 610 |
1 |
|
|a персоналии
|
| 610 |
1 |
|
|a обряды
|
| 610 |
1 |
|
|a символика
|
| 686 |
|
|
|a Т3(0)-4
|v LBC/SL-A
|2 rubbk
|
| 700 |
|
1 |
|a Морамарко
|b М.
|g Микеле
|
| 801 |
|
0 |
|a RU
|b 63413507
|c 20011209
|g PSBO
|
| 801 |
|
2 |
|a RU
|b 63413507
|c 20230323
|g PSBO
|
| 942 |
|
|
|c BK
|